[Event "CHN-ch Rapid Women 2017"]
[Site "Shenzhen"]
[Date "2017.12.07"]
[Round "4"]
[White "Xiao, Yiyi"]
[Black "Huang, Qian"]
[Result "0-1"]
[WhiteElo "2311"]
[BlackElo "2438"]
[Annotator "TA"]
[PlyCount "102"]
[EventDate "2017.??.??"]
[EventType "rapid"]
[EventCountry "CHN"]
[SourceTitle "playchess.com"]
[Source "ChessBase"]
[SourceQuality "1"]

{[%evp 16,102,40,27,52,52,60,38,67,53,64,49,87,-83,-83,-92,-84,-267,-273,-271,-264,-266,-259,-281,-266,-302,-302,-344,-354,-351,-295,-307,-289,-282,-277,-283,-279,-272,-286,-276,-291,-281,-281,-264,-271,-272,-278,-516,-530,-511,-504,-493,-182,-327,-318,-317,-327,-305,-297,-278,-278,-504,-329,-418,-326,-29989,-470,-29984,-1202,-29995,-29993,-29994,-29992,-29996,-29992,-29995,-29993,-29993,-29994,-29994,-5539,-5423,-5435,-4810,-1800,-5099,-4929,-1914,-1247]} 1. Nf3 Nf6 2. g3 g6 3. Bg2 Bg7 4. O-O O-O 5. d4 d6 6. c4 Nbd7 7. Nc3 e5 8. e4 a5 9. Re1 {LiveBook: 5 Games} b6 {E68: King's Indian: Fianchetto: 6...Nbd7 7 0-0 e5 8 e4} 10. b3 Bb7 11. d5 $146 ({Predecessor:} 11. Bb2 exd4 12. Nxd4 Nc5 13. Qc2 a4 14. Rad1 axb3 15. axb3 Nfd7 16. f4 Re8 17. b4 Na6 {½-½ (42) Rajdeep,S (2298)-Czebe,A (2500) Mumbai 2017}) 11... Ne8 {White is slightly better.} 12. Bg5 f6 13. Be3 f5 14. Ng5 $2 (14. exf5 $16 {keeps the pressure on.} gxf5 15. Qd2) 14... f4 $17 15. Ne6 fxe3 16. Nxd8 $2 (16. Rxe3 $17 Qe7 17. Nxf8 Bxf8 18. a3) 16... exf2+ $19 17. Kh1 fxe1=Q+ 18. Qxe1 Rxd8 19. Qe2 Nc5 20. Bh3 Nf6 21. Rf1 h5 22. Qc2 Ra8 23. a3 a4 24. b4 Nb3 25. Nb5 Bc8 26. Be6+ Bxe6 27. dxe6 Rac8 28. Qd3 Rfe8 {[%cal Bf8e8,Be8e7,Be7c7][%mdl 32]} 29. Na7 Ra8 30. Nb5 {[#]} Re7 $1 31. Nxc7 $2 (31. Nc3) 31... Rxc7 32. Qxd6 Ne8 33. Qd5 Raa7 $2 {[#]} (33... Rac8 34. Rf7 Rxc4) 34. e7+ (34. c5 $142 $1 {[%mdl 512]} bxc5 35. b5) 34... Kh7 35. Rf8 Rxe7 36. Qg8+ Kh6 37. Rxe8 Rf7 38. Rd8 $2 (38. Ra8 Rac7 39. g4) 38... Rf1+ 39. Kg2 Raf7 {( -> ...R7f2+)} 40. g4 $2 (40. Rd7 $19 Rxd7 41. Kxf1) 40... hxg4 (40... R7f2+ $142 41. Kg3 Nd4 42. Rxd4 exd4 43. Qe8 Rf3+ 44. Kg2 h4 45. g5+ Kh5 46. Qd7 d3 47. c5 d2 48. b5 R3f2+ 49. Kh3 d1=Q 50. Qxd1+ Rxd1 51. cxb6 Rd3#) 41. Rd6 (41. Rd7 $19 Rxd7 42. Kxf1) 41... Nd4 (41... R7f2+ $142 42. Kg3 Nd4 43. Rxd4 exd4 44. Qd5 d3 45. c5 d2 46. e5 d1=Q 47. Qxd1 Bxe5+ 48. Kxg4 Rxd1 49. h4 Rd4+ 50. Kh3 Rh2#) 42. Qd8 R1f2+ 43. Kg3 R7f3+ 44. Kxg4 Rg2+ 45. Kh4 Rxh2+ 46. Kg4 Rg2+ 47. Kh4 Rf1 (47... Ne2 $142 48. Rxg6+ Rxg6 49. Qd2+ Nf4 50. Qxf4+ exf4 51. e5 Bf8 52. b5 Be7#) 48. Kh3 {Black is clearly winning.} Rg5 49. Qxg5+ Kxg5 50. Rxb6 Rc1 51. c5 Rc3+ {Precision: White = 28%, Black = 55%.} 0-1

[Event "CHN-ch Rapid Women 2017"]
[Site "Shenzhen"]
[Date "2017.12.07"]
[Round "4"]
[White "Zhai, Mo"]
[Black "Zhang, Xiaowen"]
[Result "1-0"]
[WhiteElo "2302"]
[BlackElo "2332"]
[Annotator "TA"]
[PlyCount "91"]
[EventDate "2017.??.??"]
[EventType "rapid"]
[EventCountry "CHN"]
[SourceTitle "playchess.com"]
[Source "ChessBase"]
[SourceQuality "1"]

{[%evp 19,91,25,30,6,6,6,6,6,6,4,0,0,0,0,20,5,0,16,30,23,8,6,47,38,73,51,96,97,90,3,8,2,122,122,122,119,119,122,158,106,172,172,217,191,316,257,414,391,391,392,358,278,1051,1005,29970,29970,29981,29981,29979,29967,29981,29982,29985,29986,29989,29986,29984,29985,29985,29986,29986,29987,29990,29991]} 1. c4 e6 2. Nc3 d5 3. d4 Nf6 4. Bg5 Be7 5. e3 O-O 6. Qc2 Nbd7 7. Rd1 {D53: Queen's Gambit Declined: 4 Bg5 Be7: Early deviations} h6 (7... dxc4 8. Bxc4 c5 9. Nf3 h6 10. Bh4 a6 11. dxc5 Bxc5 12. O-O b5 13. Bxf6 Qxf6 14. Ne4 Qe7 {0-1 (37) Sokolov,I (2603)-Melkumyan,H (2642) Heraklio 2017}) 8. Bh4 b6 9. cxd5 exd5 10. Nf3 Bb7 {LiveBook: 8 Games} 11. Be2 $146 ({Predecessor:} 11. Bd3 c5 12. O-O c4 13. Bf5 a6 14. b3 b5 15. bxc4 dxc4 16. Ne5 Nb6 17. Rfe1 Qc7 18. Rc1 Nbd5 19. Nxd5 Nxd5 20. Bxe7 Nxe7 {½-½ (39) Comp n2-Firebaugh,B IECG email 1996}) 11... Ne4 12. Bxe7 Qxe7 13. O-O Rac8 14. Qb3 Nxc3 15. Qxc3 c5 16. Qa3 a6 17. dxc5 bxc5 18. Rd2 Nf6 19. Rc1 Ne4 20. Rdc2 Qf6 21. Bd3 d4 22. exd4 Ng5 {[#]} 23. Nxg5 $1 Qxg5 {[%csl Gb7][%cal Rg5g2]} 24. Bf1 (24. f4 $16 Qxf4 25. dxc5) 24... cxd4 $11 25. Rxc8 Rxc8 (25... Bxc8 $11 {keeps the balance.} 26. Rc6 Re8) 26. Rxc8+ $16 Bxc8 27. Qd6 Be6 28. Qxd4 ({Don't play} 28. Qxa6 $6 Qd2 $11) 28... Bxa2 {[#]} 29. Qa4 (29. b4 $142 $1) 29... Bd5 (29... Qd5 $16) 30. Qxa6 $18 h5 31. b4 {[%cal Bb2b4,Bb4b5,Bb5b6][%mdl 32]} h4 (31... g6 $142 32. Qd6 Qf5) 32. b5 Kh7 $2 (32... Qd8 33. h3 Qd7) 33. b6 Qe7 34. Qd3+ Be4 35. Qe3 f5 $2 (35... Qb4 36. Qg5 h3) 36. f3 Qb7 37. fxe4 {White mates.} fxe4 38. h3 Qd5 39. Qf2 g5 40. Qb2 Qc5+ 41. Kh1 Qf5 42. Bc4 Qd7 43. b7 Qd1+ 44. Kh2 Qd6+ 45. Kg1 Qd1+ 46. Bf1 {Precision: White = 80%, Black = 39%.} 1-0

[Event "CHN-ch Rapid Women 2017"]
[Site "Shenzhen"]
[Date "2017.12.07"]
[Round "4"]
[White "Xu, Huahua"]
[Black "Hong, Xing"]
[Result "1/2-1/2"]
[WhiteElo "2222"]
[BlackElo "2017"]
[Annotator "TA"]
[PlyCount "42"]
[EventDate "2017.??.??"]
[EventType "rapid"]
[EventCountry "CHN"]
[SourceTitle "playchess.com"]
[Source "ChessBase"]
[SourceQuality "1"]

{[%evp 25,27,0,0,0]} 1. e4 c5 2. Nc3 e6 3. g3 d5 4. d3 Nf6 5. Bg2 Nc6 6. Nge2 Be7 7. O-O O-O 8. exd5 exd5 9. Nf4 d4 10. Ncd5 Nxd5 11. Nxd5 Be6 12. Nxe7+ Qxe7 13. Bf4 Qd7 14. Qh5 {B23: Closed Sicilian: Lines without g3} {Predecessor:} b6 $146 15. Rfe1 Rac8 16. a3 Ne7 17. Qf3 Nd5 18. Bd2 Nf6 19. Re5 Ng4 20. Ree1 Nf6 21. Bg5 Bd5 {0-1 (37) Certic,B (2450)-Antic,D (2380) Tivat 1995} 1/2-1/2

[Event "CHN-ch Rapid Women 2017"]
[Site "Shenzhen"]
[Date "2017.12.07"]
[Round "4"]
[White "Kuang, Yinghui"]
[Black "Ren, Xiaoyi"]
[Result "1/2-1/2"]
[WhiteElo "2220"]
[BlackElo "2254"]
[Annotator "TA"]
[PlyCount "120"]
[EventDate "2017.??.??"]
[EventType "rapid"]
[EventCountry "CHN"]
[SourceTitle "playchess.com"]
[Source "ChessBase"]
[SourceQuality "1"]

{[%evp 16,120,0,-36,0,-29,-29,-33,-35,-16,-36,-28,-29,-29,0,-22,-20,-35,-27,-51,-40,-61,-44,-70,-44,-74,-35,-97,-20,-59,-77,-66,-27,-43,-39,-78,-52,-60,-33,-29,-35,-38,-28,-42,-38,-39,-31,-41,-43,-115,-55,-49,-54,-48,-32,-59,-64,-64,-64,-64,7,-64,-64,-64,-64,-91,-64,-64,-58,-64,-64,-64,-64,-88,0,-255,-236,-420,-417,-387,-387,-437,-402,-324,0,0,0,0,0,0,0,0,0,0,0,0,0,0,0,0,0,0,0,0,0,0,0]} 1. e4 e5 2. Bc4 Nf6 3. d3 c6 {[%cal Bc7c6,Bc6d5][%mdl 32]} 4. Nf3 d5 5. exd5 cxd5 6. Bb5+ Bd7 7. Bxd7+ Nbxd7 8. O-O Bd6 9. Nc3 {LiveBook: 7 Games} h6 {C24: Bishop's Opening: 2...Nf6} 10. Re1 O-O {[%cal Be8g8,Bg8h8,Bh8h7][%mdl 32]} 11. Nh4 Re8 {Black is slightly better.} 12. Nf5 Bf8 13. Qf3 Qa5 $146 ({Predecessor:} 13... Rc8 14. Re2 e4 15. dxe4 dxe4 16. Qg3 Kh7 17. Be3 {1-0 (46) Tempone,M (2450)-Casafus,R (2405) Buenos Aires 1993}) 14. Bd2 Kh8 15. a3 Qc5 16. Rac1 Rac8 17. Qg3 Qb6 18. Nd1 Qe6 19. Qh3 Kh7 20. g4 Ng8 21. d4 (21. Nd4 $15 Qg6 22. Nf3) 21... e4 (21... g6 $17 22. Ng3 Ngf6) 22. Nde3 g6 23. Ng3 {[%cal Bf5g3,Bg3e2,Be2f4][%mdl 32]} Bg7 24. c3 Ngf6 25. Kg2 Nb6 26. Ne2 Nc4 27. Nxc4 Rxc4 28. Nf4 Qd7 29. g5 Qxh3+ 30. Nxh3 hxg5 31. Bxg5 Nh5 32. Nf4 {[#]} (32. b3 $15 Rcc8 33. a4) 32... Nxf4+ ({Better is} 32... Bf6 $1 $17 {[%cal Rf6g5]} 33. Nh3 Bxg5 34. Nxg5+ Kg7) 33. Bxf4 $15 f5 34. h4 Bf6 35. Kg3 Kg7 36. Bg5 b5 37. Kf4 a5 (37... Rh8 $15) 38. Rg1 ({White should play} 38. h5 $11) 38... Rh8 39. Ra1 a4 40. Rae1 Rc6 41. Rh1 Re6 42. Reg1 Rh5 $1 43. Bxf6+ Kxf6 {[%mdl 4096] Endgame KRR-KRR} 44. Rg5 $1 {[%cal Rg5h5] [#] Threatening Rxh5.} e3 (44... Rh6 $1 $17) 45. Rxh5 $4 {[%mdl 8192]} (45. f3 $1 $11 {and White stays safe.}) 45... exf2 $19 46. Rxf5+ $2 (46. Kf3 {is a better defense.} Re1 47. Kxf2 Rxh1 48. Rh8) 46... gxf5 $11 {KR-KR} 47. Rf1 Re2 48. h5 Rxb2 49. h6 {Now Rh1 and White clings on.} Rb3 $2 (49... Rc2 $19 {Strongly threatening ...Kg6.} 50. h7 Kg7) 50. Rxf2 {aiming for Rh2.The position is equal.} Kg6 ({Avoid the trap} 50... Rxa3 $2 51. Rh2 $18) 51. Rh2 {Threatening mate with h7.} Kh7 52. Kxf5 Rxc3 53. Ra2 Re3 54. Kg5 Rd3 55. Rb2 Rb3 56. Rc2 Rg3+ 57. Kh5 Rxa3 58. Rc7+ Kh8 59. Rc8+ Kh7 {With the idea ...Rh3+.} 60. Rc7+ Kh8 {Precision: White = 51%, Black = 57%.} 1/2-1/2

[Event "CHN-ch Rapid Women 2017"]
[Site "Shenzhen"]
[Date "2017.12.07"]
[Round "4"]
[White "Wang, Doudou"]
[Black "Zhang, Lanlin"]
[Result "1/2-1/2"]
[WhiteElo "2191"]
[BlackElo "2183"]
[Annotator "TA"]
[PlyCount "83"]
[EventDate "2017.??.??"]
[EventType "rapid"]
[EventCountry "CHN"]
[SourceTitle "playchess.com"]
[Source "ChessBase"]
[SourceQuality "1"]

{[%evp 24,83,2,-7,17,10,8,4,23,15,195,192,184,118,119,133,192,191,181,199,251,264,256,249,243,169,208,0,0,-11,-11,-11,-11,-11,-11,-11,-11,-11,-11,-11,-11,-11,-11,-11,-11,-11,-11,-11,-8,-11,0,0,0,0,0,0,0,0,0,0,0,0]} 1. Nf3 Nf6 2. b3 b6 3. Bb2 Bb7 4. d4 e6 5. e3 Be7 6. Nbd2 O-O 7. Bd3 d5 8. O-O Nbd7 9. Qe2 c5 10. c4 Ne4 11. Rfd1 {E14: Queen's Indian: Classical Variation (4 e3)} cxd4 (11... Qc7 12. cxd5 exd5 13. Rac1 Bf6 14. Nf1 Rac8 15. Ng3 g6 16. Bb5 Bc6 17. Bxc6 Qxc6 18. dxc5 Nxg3 19. hxg3 bxc5 20. Bxf6 Nxf6 {½-½ (57) Short,N (2664)-Ganguly,S (2603) Kolkata 2015}) 12. exd4 Nxd2 13. Rxd2 {LiveBook: 4 Games} Nf6 14. Ne5 Rc8 15. Rc2 $146 ({Predecessor:} 15. a3 Qc7 16. Re1 Qb8 17. Rdd1 Qa8 18. f3 Bd6 {0-1 (44) Khurtsidze,N (2447)-Charkhalashvili,I (2334) Batumi 2012}) 15... Rc7 16. Rac1 {[%cal Ba1c1,Bc1c2,Bc2c7,Bc7f7][%mdl 32] next c5 is good for White.} Qa8 $2 (16... dxc4 $11 {and Black is okay.} 17. Rxc4 (17. bxc4 Nd7 $11) 17... Rxc4 18. bxc4 Nd7) 17. c5 $18 Rd8 18. cxb6 (18. a3 $18) 18... Rxc2 $16 19. Rxc2 axb6 (19... Bd6 $16 {might work better.}) 20. Rc7 $18 Bd6 21. Rxf7 Bxe5 (21... Rf8 $142) 22. dxe5 {[%cal Bd4e5,Be5f6][%mdl 32]} Kxf7 23. exf6 {[#] White threatens Qh5+ and mate.} g6 24. Bd4 {[%mdl 1024] White has strong compensation.} Rc8 {And now ...Rc1+ would win.} 25. Qe3 $2 ({Better is} 25. h4 $18) 25... Qa3 $36 {[%mdl 2048] Strongly threatening ...Qc1+.The position is equal. Black is more active.} 26. h4 Qc1+ 27. Kh2 {Hoping for Qg3.} Qxe3 28. fxe3 {[%mdl 4096] Endgame KRB-KB} Ra8 29. a4 Ba6 30. Bxa6 Rxa6 {KR-KB} 31. Kg3 {[#]} e5 $1 {[%mdl 512]} 32. Bxe5 b5 33. axb5 Rb6 $1 34. Bc3 Rxb5 35. b4 Ke6 36. Kf3 Rb7 37. g4 Rc7 38. Bd4 Rb7 39. Bc3 Rc7 40. Bd4 Rb7 41. Bc3 Rc7 42. Bd4 {Precision: White = 58%, Black = 60%.} 1/2-1/2

[Event "CHN-ch Rapid Women 2017"]
[Site "Shenzhen"]
[Date "2017.12.07"]
[Round "4"]
[White "Zhao, Shengxin"]
[Black "Gu, Tianlu"]
[Result "1-0"]
[WhiteElo "2183"]
[BlackElo "2197"]
[Annotator "TA"]
[PlyCount "138"]
[EventDate "2017.??.??"]
[EventType "rapid"]
[EventCountry "CHN"]
[SourceTitle "playchess.com"]
[Source "ChessBase"]
[SourceQuality "1"]

{[%evp 12,138,10,6,17,25,28,37,46,57,53,43,120,112,124,122,143,132,153,161,162,118,122,128,117,112,117,113,160,138,135,92,111,78,81,80,117,118,122,105,156,170,206,214,300,289,522,495,675,656,647,648,684,516,667,675,661,655,657,641,804,666,582,522,562,550,981,515,521,505,518,520,518,507,583,723,662,659,722,719,689,684,665,626,1697,1272,3724,4291,2240,2233,29973,1688,29976,29955,12722,12504,29975,29960,29973,1904,10029,9179,6295,6247,5700,5675,29974,29974,29979,29978,29977,29978,29979,29980,29980,29981,29981,29981,29982,29983,29984,29985,29985,29985,29987,29987,29988,29988,29993]} 1. d4 d5 2. c4 c6 3. Nf3 Nf6 4. e3 Bf5 5. Nc3 a6 6. a4 e6 {D11: Slav Defence: 3 Nf3 sidelines and 3...Nf6 4 e3 Bg4} 7. Be2 {LiveBook: 5 Games} (7. Qb3 Ra7 8. a5 Nbd7 9. Nh4 Be4 10. cxd5 Nxd5 11. Nxe4 Qxh4 12. Nc3 Bb4 13. Bd2 O-O 14. g3 {1-0 (53) Rasmussen,A (2533)-Hansen,M (2444) Skorping 2017}) 7... Bb4 8. O-O h6 $146 {White has an edge.} ({Predecessor:} 8... O-O 9. Qb3 Qe7 10. c5 Ba5 11. Bd2 Bc7 12. a5 Ne4 13. Be1 Ra7 14. Na4 {1-0 (95) Gavrilenko,V (2025)-Schulz,W (2161) Davos 2006}) 9. Qb3 a5 10. Na2 dxc4 11. Bxc4 O-O (11... Be7 $14) 12. Nxb4 $16 axb4 13. Bd2 Nd5 14. Bxb4 Re8 15. Bd2 Qe7 16. Bd3 Bxd3 17. Qxd3 Na6 18. e4 Nf6 19. Rfe1 Rad8 20. Qc4 c5 21. Ba5 Rc8 22. d5 exd5 23. exd5 Qd6 24. Rxe8+ Rxe8 25. Rd1 Re7 (25... Re4 $142 26. Qb5 Qd7) 26. Bc3 Nd7 27. Qg4 {[%csl Gc3][%cal Rg4g7]} g6 (27... Qg6 $142 28. Qxg6 fxg6) 28. Qh4 $18 h5 $2 (28... f6 {was called for.} 29. Qxh6 Nf8) 29. Qg5 Kh7 30. Nh4 {aiming for Nf5.} Re5 31. Bxe5 Nxe5 32. Qf4 Nb4 33. Nf3 Nxf3+ 34. Qxf3 {[%mdl 4096] Endgame KQR-KQN} Kg7 35. a5 f6 36. Qe4 Nc6 37. Qe6 Qxe6 38. dxe6 {[%cal Bd5e6,Be6e7][%mdl 32] Hoping for Rd8! KR-KN} Nd4 39. e7 Kf7 40. Re1 Ke8 41. Re3 Nc6 42. Rc3 Kxe7 43. Rxc5 Kd6 44. Rb5 Kc7 45. h4 Ne7 46. Rb4 Nc6 47. Ra4 g5 48. hxg5 fxg5 49. a6 bxa6 50. Rxa6 g4 {[#]} 51. Kh2 (51. Rxc6+ $142 $1 Kxc6 52. Kh2 Kc5 53. Kg3 Kd4 54. Kh4 Kd3 55. Kxh5 g3 56. fxg3) 51... h4 52. Ra4 Ne5 53. Re4 Kd6 54. b4 {[%cal Bb2b4,Bb4b5][%mdl 32]} Kd5 {[#]} 55. Rf4 (55. Rxe5+ $142 $1 Kxe5 56. f3 gxf3 57. gxf3 Kd5 58. f4 Kd6 59. f5 Kd5 60. Kh3) 55... Kc6 {[#]} 56. b5+ $1 Kb6 (56... Kxb5 57. Rf5) 57. Re4 Nd3 58. Rxg4 Nxf2 59. Rxh4 {White mates.} Kxb5 60. Rf4 Nd3 61. Rf1 Kc5 62. g4 {[%cal Bg2g4,Bg4g5,Bg5g6][%mdl 32]} Ne5 63. Kh3 Kd5 64. g5 Ke6 65. Kh4 Ng6+ 66. Kh5 Ne7 67. g6 Ng8 68. Rf8 Nf6+ {[#]} 69. Rxf6+ $1 Kd5 {Precision: White = 79%, Black = 30%.} (69... Kxf6 70. Kh6) 1-0

[Event "CHN-ch Rapid Women 2017"]
[Site "Shenzhen"]
[Date "2017.12.07"]
[Round "4"]
[White "Yuan, Ye"]
[Black "Shen, Yang"]
[Result "1-0"]
[WhiteElo "2159"]
[BlackElo "2465"]
[Annotator "TA"]
[PlyCount "83"]
[EventDate "2017.??.??"]
[EventType "rapid"]
[EventCountry "CHN"]
[SourceTitle "playchess.com"]
[Source "ChessBase"]
[SourceQuality "1"]

{[%evp 25,83,9,10,0,0,0,41,41,40,44,69,60,46,44,107,86,102,115,112,67,91,87,267,260,258,205,215,227,634,631,551,185,602,409,2190,2110,1449,411,403,392,397,395,534,536,529,526,524,311,557,557,557,557,557,557,550,549,535,514,531,485]} 1. d4 d5 2. c4 c6 3. Nf3 Nf6 4. Nc3 dxc4 5. a4 Bf5 6. Ne5 Nbd7 7. Nxc4 Nb6 8. Ne5 a5 9. f3 {D17: Slav Defence: 5 a4 Bf5: Lines with 6 Nh4 and 6 Ne5} (9. h4 e6 10. f3 h6 11. e4 Bh7 12. Be3 Nfd7 13. Nd3 Bd6 14. Bf2 O-O 15. Qb3 Qe7 16. g4 Kh8 {0-1 (32) So,W (2812)-Giri,A (2771) Leuven 2017}) 9... Nfd7 {[%cal Bf6d7,Bd7e5,Be5c4][%mdl 32]} 10. e4 Nxe5 11. exf5 Nec4 12. Qb3 Nd6 13. Bd3 g6 {LiveBook: 3 Games} 14. fxg6 hxg6 15. Bf4 Rh4 $146 ({Predecessor:} 15... Bg7 16. O-O-O Rh4 {0-1 (57) Kotanjian,T (2551)-Guramishvili,S (2298) Poti 2010}) 16. g3 Rxf4 17. gxf4 Bh6 18. O-O-O Bxf4+ 19. Kb1 Qc7 (19... Nd7 $14) 20. d5 $36 {[%mdl 2048] White is really pushing.} O-O-O {[#]} 21. dxc6 $1 bxc6 22. Ne2 Be5 23. Rc1 Kd7 $2 (23... Kb8 $16) 24. Rc5 $18 (24. Bb5 Nxb5 25. axb5 Ke8 $18) 24... Bf6 {[#]} 25. Bb5 $1 {[%mdl 512]} Nxb5 (25... cxb5 26. Rxc7+) 26. axb5 a4 $2 (26... Ke8 27. Rxc6 Qe5) 27. Qxf7 Qd6 28. Rc2 $2 (28. Rhc1) 28... Qd3 $2 (28... cxb5 29. Ng3 (29. Qxg6 Nc4 $16) 29... Qd5 30. Qxd5+ (30. Qxg6 Nc4 $14) 30... Nxd5) 29. Nf4 Qxf3 (29... Qxb5 $142 30. Rd1+ (30. Nxg6 Nd5 $14) 30... Kc8 31. Qe6+ Kc7 32. Rxd8 Kxd8 33. Qxc6 Qxc6 34. Rxc6 Nc8 35. Nxg6 Nd6) 30. Qe6+ Ke8 31. Qxc6+ (31. Qg8+ $142 Kd7 32. Rd2+ Nd5 33. bxc6+ Kc8 34. Qe6+ Kb8 {[#]} 35. c7+ $1 {[%mdl 512]} Nxc7 36. Qb6+ Kc8 37. Rc1) 31... Qxc6 32. bxc6 g5 33. Ne6 Rc8 34. Rg1 Nd5 35. Nxg5 Ne3 36. Re2 Rxc6 $2 (36... Nd5 37. Rc2 Ne3) 37. Rxe3 {White is clearly winning.} Bd4 38. Rge1 Bxe3 39. Rxe3 Rh6 40. h3 Rh5 41. Ne6 {Hoping for Ng7+.} Kd7 42. Ka2 {Precision: White = 72%, Black = 17%.} 1-0

[Event "CHN-ch Rapid Women 2017"]
[Site "Shenzhen"]
[Date "2017.12.07"]
[Round "5"]
[White "Shen, Yang"]
[Black "Wang, Doudou"]
[Result "1-0"]
[WhiteElo "2465"]
[BlackElo "2191"]
[Annotator "TA"]
[PlyCount "93"]
[EventDate "2017.??.??"]
[EventType "rapid"]
[EventCountry "CHN"]
[SourceTitle "playchess.com"]
[Source "ChessBase"]
[SourceQuality "1"]

{[%evp 10,93,31,22,29,18,32,29,30,7,14,7,10,5,12,13,50,-3,0,0,0,0,0,-14,45,37,33,12,12,0,12,0,0,0,0,0,0,-16,-10,-32,0,0,0,0,142,142,138,135,141,145,143,125,178,141,218,217,235,100,107,109,187,197,214,209,192,147,139,133,210,171,250,229,353,346,1102,1087,1014,998,1152,883,1188,1147,29981,29982,29990,29991]} 1. d4 Nf6 2. Nf3 d5 3. c4 c6 4. e3 e6 5. Nbd2 Be7 6. b3 {LiveBook: 6 Games. D30: Queen's Gambit Declined: Systems without Nc3} b6 (6... O-O 7. Bb2 a5 8. a3 a4 9. b4 b6 10. Rc1 c5 11. bxc5 bxc5 12. cxd5 Nxd5 13. dxc5 Ra5 {½-½ (70) Nabaty,T (2654)-Boruchovsky,A (2556) Riga 2017}) 7. Bb2 Bb7 8. Bd3 {White is slightly better.} O-O 9. Ne5 Nbd7 10. f4 c5 11. O-O Ne4 12. cxd5 exd5 13. Ndf3 $146 (13. Nxe4 $14 dxe4 14. Bb5 Nxe5 15. dxe5) ({Predecessor:} 13. Qc2 Ndf6 14. Rad1 Rc8 15. Qb1 cxd4 16. Bxd4 Bb4 17. Nxe4 dxe4 {1-0 (36) Mendis,D (1589)-Chandrasiri,S (1756) Colombo 2014}) 13... Rc8 14. Nxd7 Qxd7 15. dxc5 Nxc5 16. Ne5 Qd6 (16... Qe6 $11) 17. Bf5 $14 Rcd8 18. Qg4 {Threatening Nd7.} Bf6 19. Rad1 Qe7 20. h4 Ne4 21. h5 $40 {[%mdl 128] Black needs to defend precisely.} h6 22. Bd4 Nd6 23. Bd3 Ne4 24. Rc1 Rc8 (24... Bc8 $5 {[%cal Rc8g4]} 25. Qd1 Bxe5 26. Bxe5 f6 $11) 25. Bb2 Rfd8 26. Rfd1 Qe6 (26... Nd6 $11) 27. Qxe6 $16 fxe6 28. Rxc8 Rxc8 29. Bxe4 $1 dxe4 30. Rd7 Bd5 (30... Ba6 $16 31. Rxa7 Be2) 31. Rxa7 Kh7 (31... Ra8 $16 32. Rxa8+ Bxa8) 32. Bd4 $18 b5 33. Ng4 (33. Nc6 $18 {Bxf6 is the strong threat.} Kh8 34. Bxf6 gxf6 35. Nb4) 33... Bxd4 $16 34. exd4 {[%mdl 4096] Endgame KRB-KRN} Kg8 (34... Rc1+ $16 35. Kh2 Kg8) 35. Ne3 $18 Rc1+ 36. Kf2 Ra1 37. Nc2 Rc1 38. Nb4 Ra1 (38... e3+ $16 39. Kxe3 Bxg2) 39. Ra6 Rb1 (39... Rd1 {keeps fighting.} 40. Rb6 Rxd4) 40. f5 {[%cal Bf4f5,Bf5e6][%mdl 32]} Rb2+ (40... Kf7 {was necessary.} 41. Ra7+ Kf6) 41. Ke3 Rxg2 $2 {[#]} (41... Kf7 42. fxe6+ Bxe6) 42. fxe6 Rg3+ 43. Ke2 Rg2+ 44. Ke1 Rg1+ 45. Kf2 Rg5 46. Nxd5 Rxd5 47. Ra8+ {Precision: White = 49%, Black = 53%.} 1-0

[Event "CHN-ch Rapid Women 2017"]
[Site "Shenzhen"]
[Date "2017.12.07"]
[Round "5"]
[White "Huang, Qian"]
[Black "Guo, Qi"]
[Result "1/2-1/2"]
[WhiteElo "2438"]
[BlackElo "2396"]
[Annotator "TA"]
[PlyCount "80"]
[EventDate "2017.??.??"]
[EventType "rapid"]
[EventCountry "CHN"]
[SourceTitle "playchess.com"]
[Source "ChessBase"]
[SourceQuality "1"]

{[%evp 16,80,12,12,26,26,22,0,9,0,4,-12,-12,-33,-32,-50,-35,-24,-27,-28,-16,-35,0,0,0,0,21,0,30,21,21,16,22,21,69,67,69,69,68,73,64,56,57,35,35,37,45,40,50,43,49,35,69,77,115,116,141,119,152,70,95,84,69,76,150,74,118]} 1. d4 d5 2. c4 e6 3. Nc3 Be7 4. Nf3 Nf6 5. Bg5 h6 6. Bxf6 Bxf6 7. e3 O-O 8. Qb3 dxc4 9. Bxc4 {LiveBook: 15 Partien} b6 {D55: Damengambit (Hauptvariante, Abweichungen - Alte Lasker-Variante, etc.)} (9... Nd7 10. O-O c5 11. d5 exd5 12. Bxd5 Nb6 13. e4 Bg4 14. Nd2 Qc7 15. h3 Bd7 16. Nf3 c4 17. Qc2 {½-½ (30) Huang,Q (2473)-Guo,Q (2443) China 2015}) 10. O-O Bb7 11. Be2 (11. Rfd1 c6 12. e4 Nd7 13. e5 Be7 14. a4 a6 15. Bd3 c5 16. d5 exd5 17. Nxd5 Nxe5 18. Nxe5 Bxd5 {1-0 (36) Ni,H (2667)-Wen,Y (2520) China 2010}) 11... Nd7 {Die Stellung ist ausgeglichen.} 12. Rfd1 $146 ({Vorgänger:} 12. Rad1 Qe7 13. e4 g6 14. Rfe1 Rfd8 15. e5 Bg7 16. Nb5 c5 17. dxc5 Qxc5 {0-1 (29) Bashur,M (1654)-Fanning,S (1608) IECG email 2003}) 12... Qe7 13. e4 g6 14. Bf1 Bg7 15. Rac1 a6 16. a4 Rfd8 17. h3 Rac8 18. Re1 Nf8 {[%cal Bd7f8,Bf8h7,Bh7f6][%mdl 32]} 19. Rcd1 Nh7 20. d5 e5 21. Nd2 Rb8 22. Nc4 Nf6 23. d6 cxd6 24. Nxb6 a5 25. Nbd5 Bxd5 26. Nxd5 Qa7 27. Nxf6+ Bxf6 28. Bb5 Kg7 29. Re2 Rbc8 30. g3 Qb6 31. Kg2 Rc7 32. Qf3 Be7 33. b3 Rdc8 34. Bc4 Bf8 35. Rd5 Qa7 36. Red2 Rc5 {[#]} 37. R5d3 (37. h4 $1 $16) 37... Qb7 38. h4 h5 39. Rd5 Qa7 {[#]} (39... Qd7 $142) 40. Rxc5 (40. g4 $142 $1) 40... Rxc5 {Precision: Weiß = 57%, Schwarz = 40%.} 1/2-1/2